Las increíbles aventuras del asombroso Edgar Allan Poe /
Shranjeno v:
| Glavni avtor: | |
|---|---|
| Drugi avtorji: | |
| Format: | Knjiga |
| Jezik: | španščina |
| Izdano: |
México :
Almadía,
2018, c2018
|
| Serija: | (Narrativa Almadía)
|
| Teme: | |
| Oznake: |
Brez oznak, prvi označite!
|
MARC
| LEADER | 00000nam^a2200000^a^4500 | ||
|---|---|---|---|
| 001 | 000410579 | ||
| 005 | 20250521000000.0 | ||
| 009 | 20260310122050.849 | ||
| 020 | |a 978-607-8486-95-3 | ||
| 037 | |a Acervo ITESO - Biblioteca | ||
| 041 | |a ESP | ||
| 082 | |a 863. |b ESQ | ||
| 100 | |a Esquinca, Bernardo |e (autor) | ||
| 245 | 1 | 4 | |a Las increíbles aventuras del asombroso Edgar Allan Poe / |c B. Esquinca ; il. de M. Rivière. |
| 264 | 4 | |a México : |b Almadía, |c 2018, c2018 | |
| 300 | |a 170 p. | ||
| 336 | |a texto |b txt |2 rdacontenido | ||
| 337 | |a sin mediación |b n |2 rdamedio | ||
| 338 | |a volumen |b nc |2 rdasoporte | ||
| 440 | 1 | |a (Narrativa Almadía) | |
| 521 | |a FIL 2018 DIA | ||
| 545 | 0 | |a Bernardo Esquinca (Guadalajara, 1972), escritor jalisciense vinculado con el mundo editorial y periodístico, ha sido coeditor de la revista Día Siete y colaborador en Letras Libres y Nexos. Además, se ha desempeñado como productor radiofónico y colaborador en varios periódicos; ha sido, también, becario del Fondo Nacional para la Cultura y las Artes. Entre sus obras se pueden citar: La mirada encendida (1993), Fábulas oscuras (1996), Carretera perdida: un paseo por las ultimas fronteras de la civilización (2001) y Belleza roja (2005). Sus obras, de carácter fantástico, policíaco o de horror, están influidas por las atmósferas y las temáticas del cine de David Lynch y de las películas de terror; a través de éstas explora el lado oscuro del alma y de la mente humana, con personajes perversos que se sienten atraídos por la pornografía y la nota roja y que viven el horror presente en la vida cotidiana. | |
| 545 | 0 | |a Edgar Allan Poe (1809-1849), cuentista, poeta, crítico y editor norteamericano, es uno de los padres del relato corto en su país y fundador de las literaturas de terror psicológico, precursor de los relatos fantásticos, policíacos, fantásticos y de misterio; renovador de la novela gótica. Entre sus narraciones cortas más importantes se cuentan La caída de la casa Usher, William Wilson, El corazón delator, El gato negro, Un descenso al Maelström, Los crímenes de la calle Morgue y La carta robada. Su obra poética tuvo una gran acogida entre los escritores franceses contemporáneos a él, los simbolistas; en esta línea, El cuervo, es uno de sus poemas más valorados. Aunque en la actualidad su obra en conjunto es considerada genial, en su época fue duramente criticada. Sus textos de crítica literaria siguen teniendo vigencia. | |
| 649 | |a XX | ||
| 650 | |a Escritores Norteamericanos | ||
| 650 | |a Animales en la Literatura | ||
| 650 | |a Novela Jalisciense | ||
| 650 | |a Novela Mexicana | ||
| 650 | |a Literatura Jalisciense - |y Siglo XXI | ||
| 650 | |a Literatura Mexicana - |y Siglo XXI | ||
| 650 | |a Literatura Policíaca y de Misterio - |z Jalisco | ||
| 650 | |a Literatura Policíaca y de Misterio - |z México | ||
| 650 | |a Género Negro (Creación) - |z México | ||
| 650 | |a Poe, Edgar Allan - |x Tema Principal | ||
| 700 | |a Rivière, Mario |e (ilustración) | ||
| 910 | |a Fondo General | ||
| 920 | |a Impresos - Libros | ||
| 930 | |a Colección General | ||
| 940 | |a Literatura | ||
| 905 | |a 101 | ||
| 901 | |a 0500311670 |b IT1 |c LIT |i C164345 |u 20250521 | ||
| 902 | |a https://opac.biblio.iteso.mx/vufind/Record/000410579 | ||